000 00525nam a2200193Ia 4500
003 OSt
005 20250829143515.0
008 210210b2000 xxu||||| |||| 00| 0 eng d
040 _cAL
041 _aKannada
082 _a413 BHAS
100 _aBHARADVAJ (D K) mattu SACHIDANANDAN (G).
_9237691
245 _aStandard dictionary: english-english-kannada illustrated.
260 _aGadag.
_bB G Sankeshwar Publications.,
_c2000
300 _a831
690 _aDictionaries
_9237692
906 _a057015
942 _2ddc
_cBK
999 _c104469
_d104469